000 00992nam a2200265Ia 4500
003 OSt
005 20210908152833.0
008 210310s1946 mx ad gr 000 0 spa d
040 _aCO-JMCR
_cCO-JMCR
041 1 _aspa
_heng
082 0 4 _a336.1 /
_bH789e
_223
100 1 _aHoover, Theodore Jesse,
_eautor
_928132
245 1 0 _aEconomía Minera /
_cTheodore Jesse Hoover ; versión española de Anselmo Ortiz
250 _aPrimera edición
260 _aMéxico :
_bFondo de Cultura Económica,
_c1946.
300 _a580 páginas :
_bilustraciones y planos en blanco y negro ;
_c23 cm.
490 _aObras de economía
500 _aBibliografía al final de cada capitulo.
505 0 _aValuación de minas. -- Organización de minas. -- Dirección de minas.
650 1 4 _aTeoría de la valuación
_xMinera
_940174
650 2 4 _aFases iniciales
_xMinería
_940175
650 2 4 _aReservas mineras
_940176
700 1 _aOrtiz,m Anselmo,
_etraductor
_940177
942 _2ddc
_cBK
999 _c12402
_d12402